| 000 | 01178cam a2200253 a 4500 | ||
|---|---|---|---|
| 001 | 15696896 | ||
| 005 | 20170209150714.0 | ||
| 008 | 090413s2009 njua b 001 0 eng | ||
| 020 | _a047048781X (cloth) | ||
| 020 | _a9780470487815 (cloth) | ||
| 082 | 0 | 0 |
_a621.3813224 _222 _bJAR |
| 100 | 1 |
_aJarry, Pierre, _d1946- _931425 |
|
| 245 | 1 | 0 |
_aDesign and Realizations of Miniaturized Fractal RF and Microwave Filters / _cPierre Jarry, Jacques Beneat. |
| 260 |
_aHoboken, N.J. : _bWiley, _cc2009. |
||
| 300 |
_axiv, 194 p. : _bill. ; _c25 cm. |
||
| 504 | _aIncludes bibliographical references and index. | ||
| 505 | 0 | _aMicrowave filter structures -- In-line synthesis of pseudo-elliptic filters -- Suspended substrate structure -- Miniaturization of planar resonators using fractal iterations -- Design and realizations of meandered line filters -- Design and realizations of hilbert filters -- Design and realization of dual mode minkowski filters. | |
| 650 | 0 |
_aRadio filters. _931427 |
|
| 650 | 0 |
_aMiniature electronic equipment. _931428 |
|
| 653 |
_bEle _cNovember2012 |
||
| 650 | 0 |
_931426 _aMicrowave filters |
|
| 700 | 1 |
_aBeneat, Jacques, _d1964- _931429 |
|
| 942 |
_2ddc _cBB |
||
| 999 |
_c17100 _d17072 |
||